Les villes des USA de plus d'1 000 000 habitants (mort subite) - Statistiques

Statistiques générales
  • Ce quiz a été pris 892 fois
    890 depuis la dernière actualisation
  • Le résultat moyen est 3 sur 10
Answers on the Grid
Answers color-coded by a green-red scale on the quiz's grid according to % correct below.
Denver
San Diego
Columbus
Cleveland
Dallas
Nashville
San Antonio
Washington DC
San Francisco
Oakland
Seattle
Las Vegas
Phoenix
Jacksonville
Philadelphie
Chicago
Atlanta
Miami
Orlando
San José
Boston
New York
Détroit
Portland
Los Angeles
Sacramento
Baltimore
Tucson
Houston
Memphis
 
Statistiques - réponses
Réponse % Correct
New York
48%
Los Angeles
45%
San Diego
37%
Chicago
35%
Dallas
33%
Houston
19%
San Antonio
18%
Philadelphie
17%
Phoenix
14%
San José
7%
Aucun quiz correspondant
Distribution des résultats
% des personnes avec chaque résultat
Percentile par nombre de réponses
Votre historique - résultats
Vous n’avez pas pris ce quiz depuis la dernière actualisation